000 00371nam a2200145Ia 4500
008 240624s9999 xx 000 0 und d
041 _aeng
082 _a658.1 GOL
100 _aGOLE WILLIAM
245 _aMERGERS AND ACQUISITIONS BUSINESS STRATE
250 _a(3rd ed.)
260 _c2014
_aNew Delhi
_bWiley
300 _axiv, : 399 : p. : cm. ; 23
365 _cRS
_b33
999 _c26893
_d26893